000
00321nam a2200109Ia 4500
008
221009s9999 xx 000 0 und d
082
_a
910/THA
100
_a
Chattopadhyaya, D.P.
_9
1597
245
0
_a
Origin & Development Of The Vaisesika System Vol-2 Part 4
260
_b
Centre For Studies In Civilizations,
942
_c
BK
999
_c
64850
_d
64850